Aboriginal man adapting : the human biology of Australian aborigines /

Bibliographic Details
Main Author: Kirk, R. L. (Robert Lewis)
Format: Book
Language:English
Published: [Oxford] : New York : Clarendon Press ; Oxford University Press, 1981.
Series:Research monographs on human population biology.
Subjects:

MARC

Tag First Indicator Second Indicator Subfields
LEADER 00000cam a2200000 a 4500
001 in00000089153
005 20151008065325.0
008 810926s1981 enkab b 00110 eng
010 |a  80041152  
015 |a GB*** 
020 |a 0198575327 :  |c 20.00 
035 |a (OCoLC)07558021 
035 |9 AAK5747AM 
040 |a DLC  |c DLC  |d TXA  |d UtOrBLW 
043 |a u-at--- 
049 |a TXAM  |c [388260] 
050 0 0 |a GN57.A9  |b K57 
082 0 |a 994/.0049915  |2 19 
100 1 |a Kirk, R. L.  |q (Robert Lewis) 
245 1 0 |a Aboriginal man adapting :  |b the human biology of Australian aborigines /  |c R.L. Kirk. 
264 1 |a [Oxford] :  |b Clarendon Press ;  |a New York :  |b Oxford University Press,  |c 1981. 
300 |a 229 pages :  |b illustrations, maps ;  |c 24 cm. 
336 |a text  |b txt  |2 rdacontent 
337 |a unmediated  |b n  |2 rdamedia 
338 |a volume  |b nc  |2 rdacarrier 
490 1 |a Research monographs on human population biology 
504 |a Includes bibliographical references and indexes. 
650 0 |a Aboriginal Australians  |x Anthropometry. 
650 0 |a Aboriginal Australians  |x Health and hygiene. 
830 0 |a Research monographs on human population biology. 
999 |a MARS 
999 f f |s 8ffaee9f-33ae-3a14-98ba-afb34e76324d  |i 00b6dcd9-d396-38e2-8c15-28fc7b00dfa0  |t 0 
952 f f |p ric  |a Texas A&M University  |b Rellis Campus  |c Joint Library Facility  |d Remote Storage  |t 0  |e GN57.A9 K57  |h Library of Congress classification  |i unmediated -- volume  |m A14806114058 
998 f f |a GN57.A9 K57  |t 0  |l Remote Storage